| 000 | 00837nam a22001937a 4500 | ||
|---|---|---|---|
| 999 |
_c62002 _d62002 |
||
| 003 | Ge_BSU | ||
| 005 | 20240620122520.0 | ||
| 008 | 240620s1978 ge ||||| |||| 00| 0 geo d | ||
| 041 | _ageo | ||
| 080 | _a615.83(075.8) ნ-78 | ||
| 100 |
_aნოდია, მ. _922473 |
||
| 245 |
_aზოგადი ფიზიოთერაპია და კურორტოლოგია : _b [სახელმძღვ. სამედ. ინ-ტის სტუდენტებისათვის] / _c მ. ნოდია. |
||
| 250 | _aმე-3 გამოცემა | ||
| 264 |
_aთბ. : _bგანათლება, _c1978. |
||
| 300 |
_a301 გვ. : _b ილ. ; . _c21 სმ |
||
| 653 | _aზოგადი ფიზიოთერაპია | ||
| 653 | _aკურორტოლოგია | ||
| 942 |
_2udc _cBK |
||